Malaysia SME business directory : 2013.
| Format: | Book |
|---|---|
| Published: |
Petaling Jaya, Selangor:
Empire Publishing,
2013.
|
| Subjects: |
| LEADER | 00457cam a2200133 7i4500 | ||
|---|---|---|---|
| 001 | 0000029799 | ||
| 005 | 20130722090000.0 | ||
| 090 | 0 | 0 | |a M 338.7025 |b MAL |
| 245 | 0 | 0 | |a Malaysia SME business directory : |b 2013. |
| 260 | 0 | 0 | |a Petaling Jaya, Selangor: |b Empire Publishing, |c 2013. |
| 300 | # | # | |a 1796 p. |
| 650 | 0 | 0 | |a Small and medium-sized enterprises (SME) -- |x Directories -- |z Malaysia |
| 651 | 0 | 0 | |a Malaysia |
| 999 | |a 0000032702 |b Directories |c Malaysia |e Business Information Centre | ||